Lataa...
Psychology of man's possible evolution.
| Päätekijä: | |
|---|---|
| Aineistotyyppi: | Printed Book |
| Julkaistu: |
New York :
Alfred A Knopf.Inc.
1966.
|
| Aiheet: |
| LEADER | 00457nam a22001337a 4500 | ||
|---|---|---|---|
| 082 | |a 128 |b USE/P | ||
| 100 | |a Uspenski, P D. | ||
| 245 | |a Psychology of man's possible evolution. |c P D Uspenski | ||
| 260 | |a New York : |b Alfred A Knopf.Inc. |c 1966. | ||
| 300 | |a 114p. : | ||
| 650 | |a Human kind. | ||
| 942 | |c BK | ||
| 999 | |c 315695 |d 315695 | ||
| 952 | |0 0 |1 0 |4 0 |6 128_000000000000000_USE_P |7 0 |8 NFIC |9 337651 |a SAN |b SAN |c GEN |d 2020-12-01 |l 0 |o 128 USE/P |p SAN2839 |r 2020-12-01 |w 2020-12-01 |y BK | ||